LEADER 01089nas 2200361-a 450 001 9910273536103321 005 20200515130635.0 035 $a(OCoLC)44631613 035 $a(CKB)110994179411002 035 $a(CONSER)---00233161- 035 $a(EXLCZ)99110994179411002 100 $a20000721a20009999 --- a 101 0 $aeng 200 00$aCalifornia CPA$b[Recurso electrónico] 210 $aRedwood City, CA $cCalifornia Society of Certified Public Accountants$dc2000- 215 $av. $cill. ;$d28 cm 300 $aTitle from cover. 311 $a1530-4035 606 $aAccounting$vPeriodicals 606 $aAccounting$zCalifornia$vPeriodicals 606 $aAccounting$2fast$3(OCoLC)fst00795379 607 $aCalifornia$2fast 608 $aPeriodicals.$2fast 608 $aPeriodicals.$2lcgft 615 0$aAccounting 615 0$aAccounting 615 7$aAccounting. 676 $a657/.05 712 02$aCalifornia Society of Certified Public Accountants. 906 $aJOURNAL 912 $a9910273536103321 996 $aCalifornia CPA$9977613 997 $aUNINA LEADER 01056nam a2200229 i 4500 001 991003304469707536 005 20020503190139.0 008 961112s1884 it ||| | ita 035 $ab10486410-39ule_inst 035 $aEXGIL118517$9ExL 040 $aBiblioteca Interfacoltà$bita 100 1 $aSiciliani, Pietro$0127816 245 10$aLettere del professore Pietro Siciliani, autore della Scienza dell'educazione ... e del professore Pietro Pellizzari, direttore dello Studente magliese. 260 $aMaglie :$btip. del Collegio Capece,$c1884 500 $aEsemplare in fotocopia. 700 1 $aPellizzari, Pietro 907 $a.b10486410$b02-04-14$c27-06-02 912 $a991003304469707536 945 $aLE002 Fotoc. 30$g1$iLE002-76853$lle002$o-$pE0.00$q-$rn$so $t0$u0$v0$w0$x0$y.i10561614$z27-06-02 996 $aLettere del professore Pietro Siciliani, autore della Scienza dell'educazione ... e del professore Pietro Pellizzari, direttore dello Studente magliese$9214821 997 $aUNISALENTO 998 $ale002$b01-01-96$cm$da $e-$fita$git $h0$i1